[Event "CAN-ch"]
[Site "Montreal"]
[Date "2017.06.30"]
[Round "7"]
[White "Tomb, Maroun"]
[Black "Oussedik, Elias"]
[Result "1/2-1/2"]
[WhiteElo "2152"]
[BlackElo "2163"]
[PlyCount "155"]
[EventDate "2017.06.27"]
[EventType "swiss"]
[EventRounds "9"]
[EventCountry "CAN"]
[SourceTitle "CBM 179 Extra"]
[Source "ChessBase"]
[SourceDate "2017.08.23"]
[SourceVersion "1"]
[SourceVersionDate "2017.08.23"]
[SourceQuality "1"]

1. e4 e6 2. d4 d5 3. Nd2 Nf6 4. e5 Nfd7 5. Bd3 c5 6. c3 Nc6 7. Ngf3 g6 8. h4 h6 9. Bc2 Bg7 10. Nf1 b5 11. Ng3 b4 12. 0-0 a5 13. Re1 Ba6 14. Be3 Bb5 15. a3 cxd4 16. cxd4 a4 17. Ne2 b3 18. Bd3 Bxd3 19. Qxd3 Na5 20. Nf4 0-0 21. Qe2 Qb6 22. Bd2 Nc4 23. Bb4 Rfc8 24. Rac1 Nb8 25. Nd3 Na6 26. Bc5 Qa5 27. h5 g5 28. Nh2 Nxc5 29. Nxc5 Nxe5 30. Nxe6 fxe6 31. dxe5 Qb6 32. Ng4 Qd4 33. Rxc8+ Rxc8 34. Qa6 Re8 35. Qc6 Rf8 36. Qxe6+ Kh8 37. Re3 Qxb2 38. Rf3 Qc1+ 39. Kh2 Qc8 40. Rxf8+ Qxf8 41. Nf6 b2 42. Qb6 Qxa3 43. Qb8+ Qf8 44. Qxb2 a3 45. Qb1 Bxf6 46. exf6 Qxf6 47. Qb8+ Kg7 48. Qa7+ Qf7 49. Qxa3 Qxh5+ 50. Kg1 Qd1+ 51. Kh2 Qh5+ 52. Kg1 Qd1+ 53. Kh2 Qe1 54. Qa7+ Kg6 55. Qb6+ Kg7 56. Qb7+ Kf6 57. Qc6+ Qe6 58. Qc5 Qe7 59. Qd4+ Kg6 60. g3 Qe6 61. Qd3+ Qf5 62. Qa6+ Kg7 63. Qb7+ Qf7 64. Qb2+ Qf6 65. Qb7+ Qf7 66. Qb2+ Kg6 67. Qc2+ Kf6 68. Qc3+ Ke6 69. Qe3+ Kd6 70. Qb6+ Ke7 71. Qc5+ Kd7 72. Qa7+ Ke6 73. Qb6+ Ke5 74. Qe3+ Kf6 75. Qc3+ Kg6 76. Qc2+ Kf6 77. Qc3+ Kg6 78. Qc2+ 1/2-1/2

[Event "CAN-ch"]
[Site "Montreal"]
[Date "2017.06.29"]
[Round "5"]
[White "Bolduc, Steve"]
[Black "Oussedik, Elias"]
[Result "1/2-1/2"]
[WhiteElo "2195"]
[BlackElo "2163"]
[PlyCount "104"]
[EventDate "2017.06.27"]
[EventType "swiss"]
[EventRounds "9"]
[EventCountry "CAN"]
[SourceTitle "CBM 179 Extra"]
[Source "ChessBase"]
[SourceDate "2017.08.23"]
[SourceVersion "1"]
[SourceVersionDate "2017.08.23"]
[SourceQuality "1"]

1. d4 e6 2. e4 d5 3. Nc3 Nf6 4. e5 Nfd7 5. f4 c5 6. Nf3 Nc6 7. Be3 cxd4 8. Nxd4 Bc5 9. Qd2 a6 10. 0-0-0 0-0 11. Qf2 Bxd4 12. Bxd4 b5 13. Bd3 b4 14. Ne2 a5 15. Kb1 Ba6 16. Bxa6 Rxa6 17. Rd3 Nxd4 18. Qxd4 Rc6 19. Rh3 Rc4 20. Qd3 f5 21. exf6 Nxf6 22. g4 Qb6 23. f5 Rxg4 24. fxe6 Qxe6 25. Ng3 Rf4 26. Nh5 Rf5 27. Nxf6+ Qxf6 28. Rd1 Kh8 29. a3 h6 30. axb4 axb4 31. Qb5 Qd6 32. Rhd3 d4 33. Qc4 Ra5 34. Rxd4 Rfa8 35. Qc8+ Rxc8 36. Rxd6 Rc4 37. R6d4 Rac5 38. R1d2 g5 39. b3 Rxd4 40. Rxd4 Rb5 41. c4 bxc3 42. Kc2 Kg7 43. Kxc3 h5 44. Kc4 Rf5 45. Rd2 g4 46. b4 Kf6 47. b5 h4 48. b6 Kg5 49. b7 Rf8 50. Kc5 g3 51. hxg3 hxg3 52. Kc6 Rb8 1/2-1/2

[Event "CAN-ch"]
[Site "Montreal"]
[Date "2017.06.28"]
[Round "4"]
[White "Oussedik, Elias"]
[Black "Hambleton, Aman"]
[Result "0-1"]
[WhiteElo "2163"]
[BlackElo "2471"]
[PlyCount "68"]
[EventDate "2017.06.27"]
[EventType "swiss"]
[EventRounds "9"]
[EventCountry "CAN"]
[SourceTitle "CBM 179 Extra"]
[Source "ChessBase"]
[SourceDate "2017.08.23"]
[SourceVersion "1"]
[SourceVersionDate "2017.08.23"]
[SourceQuality "1"]

1. d4 e6 2. c4 Nf6 3. Nf3 b6 4. g3 Bb7 5. Bg2 g6 6. 0-0 Bg7 7. Re1 0-0 8. Ne5 Bxg2 9. Kxg2 d5 10. Qc2 c5 11. dxc5 bxc5 12. Nd2 Qb6 13. Ndf3 Nfd7 14. Nxd7 Nxd7 15. cxd5 exd5 16. Rd1 Qb7 17. Bf4 Rfe8 18. Rac1 Rac8 19. b3 h6 20. Qd3 g5 21. Bd2 d4 22. Kg1 Rc6 23. h3 Rce6 24. Re1 Qd5 25. b4 cxb4 26. Bxb4 h5 27. Qc4 Qxc4 28. Rxc4 g4 29. hxg4 hxg4 30. Nxd4 Re4 31. e3 Ne5 32. Rcc1 Nd3 33. Bc3 Nxe1 34. Bxe1 Bxd4 0-1

[Event "PRO League KO Stage"]
[Site "Chess.com INT"]
[Date "2017.03.25"]
[Round "4.4"]
[White "Oussedik, Elias"]
[Black "Rosenthal, Nicholas"]
[Result "0-1"]
[WhiteElo "2155"]
[BlackElo "2169"]
[PlyCount "83"]
[EventDate "2017.03.01"]
[EventType "team-k.o. (rapid)"]
[EventRounds "5"]
[EventCountry "USA"]
[SourceTitle "CBM 177 Extra"]
[Source "ChessBase"]
[SourceDate "2017.04.27"]
[SourceVersion "1"]
[SourceVersionDate "2017.04.27"]
[SourceQuality "1"]
[WhiteTeam "Montreal ChessBrahs"]
[BlackTeam "St Louis Arch Bishops"]
[WhiteTeamCountry "CAN"]
[BlackTeamCountry "USA"]

1. d4 e6 2. c4 f5 3. Nc3 Nf6 4. Qc2 d5 5. e3 c6 6. Bd3 Ne4 7. Nge2 Bd6 8. h4 0-0 9. Bd2 Nd7 10. f3 Ng3 11. Rh3 Nxe2 12. Nxe2 dxc4 13. Bxc4 Nb6 14. Bd3 Nd5 15. a3 e5 16. Rh1 exd4 17. exd4 Qc7 18. 0-0-0 Be6 19. Kb1 a5 20. h5 b5 21. g4 Nb4 22. Bxb4 axb4 23. gxf5 b3 24. Qc3 b4 25. Qd2 Rxf5 26. Be4 bxa3 27. Nc3 axb2 28. Kxb2 Rfa5 29. Ra1 Rxa1 30. Rxa1 Rxa1 31. Kxa1 Qa5+ 32. Kb2 Ba3+ 33. Kb1 Bb4 34. Qf4 Bxc3 35. Qb8+ Kf7 36. Qf4+ Ke7 37. Qh4+ Kd7 38. Bxc6+ Kxc6 39. Qe4+ Qd5 40. Qd3 Bf5 41. Kc1 Bxd3 42. h6 0-1

[Event "PRO League KO Stage"]
[Site "Chess.com INT"]
[Date "2017.03.25"]
[Round "4.9"]
[White "Oussedik, Elias"]
[Black "Rosenthal, Nicholas"]
[Result "1/2-1/2"]
[WhiteElo "2155"]
[BlackElo "2169"]
[PlyCount "90"]
[EventDate "2017.03.01"]
[EventType "team-k.o. (rapid)"]
[EventRounds "5"]
[EventCountry "USA"]
[SourceTitle "CBM 177 Extra"]
[Source "ChessBase"]
[SourceDate "2017.04.27"]
[SourceVersion "1"]
[SourceVersionDate "2017.04.27"]
[SourceQuality "1"]
[WhiteTeam "Montreal ChessBrahs"]
[BlackTeam "St Louis Arch Bishops"]
[WhiteTeamCountry "CAN"]
[BlackTeamCountry "USA"]

1. d4 e6 2. c4 f5 3. Nc3 Nf6 4. Qc2 d5 5. e3 c6 6. Bd3 Ne4 7. Nge2 Bd6 8. h4 0-0 9. Bd2 Nd7 10. f3 Ng3 11. Rh3 Nxe2 12. Nxe2 dxc4 13. Bxc4 Nb6 14. Bd3 Nd5 15. 0-0-0 e5 16. Rhh1 Be6 17. dxe5 Bxe5 18. e4 fxe4 19. Bxe4 Qb6 20. Bxh7+ Kh8 21. h5 Ne3 22. Bxe3 Qxe3+ 23. Kb1 Qh6 24. Be4 Rae8 25. g4 Bf4 26. Nxf4 Qxf4 27. h6 g5 28. h7 Bxg4 29. fxg4 Qxe4 30. Qxe4 Rxe4 31. Rd7 Rxg4 32. Rxb7 Rh4 33. Rc1 Rxh7 34. Rb4 Rh6 35. Rg4 Rf5 36. Rcg1 Rg6 37. Kc2 Kg7 38. Ra4 a5 39. b4 axb4 40. Rxb4 Rd6 41. a4 Kf6 42. Ra1 Rf2+ 43. Kc3 Rf3+ 44. Kc2 Re6 45. Rd4 Re2+ 1/2-1/2

[Event "PRO League KO Stage"]
[Site "Chess.com INT"]
[Date "2017.03.08"]
[Round "2"]
[White "Charbonneau, Pascal"]
[Black "Oussedik, Elias"]
[Result "1/2-1/2"]
[WhiteElo "2505"]
[BlackElo "2155"]
[PlyCount "152"]
[EventDate "2017.03.01"]
[EventType "team-k.o. (rapid)"]
[EventRounds "5"]
[EventCountry "USA"]
[SourceTitle "CBM 177 Extra"]
[Source "ChessBase"]
[SourceDate "2017.04.27"]
[SourceVersion "1"]
[SourceVersionDate "2017.04.27"]
[SourceQuality "1"]
[WhiteTeam "Montclair Sopranos"]
[BlackTeam "Montreal ChessBrahs"]
[WhiteTeamCountry "USA"]
[BlackTeamCountry "CAN"]

1. c4 c5 2. Nc3 b6 3. Nf3 Bb7 4. g3 Nf6 5. Bg2 e6 6. 0-0 d6 7. Re1 a6 8. e4 Qc7 9. d4 cxd4 10. Nxd4 Nbd7 11. Be3 Be7 12. Rc1 0-0 13. b3 Rfe8 14. h3 Rac8 15. g4 Nc5 16. Qc2 g6 17. Nde2 Qb8 18. Ng3 Red8 19. g5 Ne8 20. Qe2 Bf8 21. f4 Bc6 22. b4 Nd7 23. a4 Bg7 24. Qf2 a5 25. b5 Ba8 26. Nce2 Nc5 27. f5 Nd3 28. Qf1 Nxc1 29. Rxc1 exf5 30. exf5 Bxg2 31. Qxg2 Be5 32. Qd5 Nc7 33. Qc6 Nxb5 34. Qxb5 d5 35. Bf2 d4 36. Ne4 d3 37. N2c3 d2 38. Rd1 gxf5 39. Nf6+ Bxf6 40. gxf6 Qf4 41. Nd5 Qg5+ 42. Kf1 Kh8 43. Qb3 Rg8 44. Ne7 Qg2+ 45. Ke2 Qe4+ 46. Qe3 Qxc4+ 47. Kf3 Qxa4 48. Rxd2 Rce8 49. Qd4 Qb3+ 50. Rd3 Qe6 51. Re3 Qa2 52. Re2 Qb3+ 53. Re3 Qa2 54. Nxg8 Rxg8 55. Re2 Qb3+ 56. Be3 b5 57. Rb2 Qa3 58. Rxb5 Qa2 59. Rb2 Qe6 60. Rc2 Qa6 61. Qc4 Qb7+ 62. Qc6 Qb1 63. Rc1 Qb8 64. Bf4 Qb3+ 65. Qc3 Qb7+ 66. Qc6 Qb3+ 67. Ke2 Qb2+ 68. Rc2 Qb3 69. Kd2 Qxh3 70. Kc1 Qg4 71. Qc7 Qg1+ 72. Kb2 Qd4+ 73. Ka2 Qa4+ 74. Kb2 Qd4+ 75. Ka2 Qa4+ 76. Kb2 Qd4+ 1/2-1/2

[Event "PRO League Stage"]
[Site "Chess.com INT"]
[Date "2017.02.15"]
[Round "6"]
[White "Quesada Perez, Yuniesky"]
[Black "Oussedik, Elias"]
[Result "1-0"]
[WhiteElo "2630"]
[BlackElo "2155"]
[PlyCount "104"]
[EventDate "2017.01.11"]
[EventType "team-swiss (rapid)"]
[EventRounds "7"]
[EventCountry "USA"]
[SourceTitle "CBM 176 Extra"]
[Source "ChessBase"]
[SourceDate "2017.03.02"]
[SourceVersion "1"]
[SourceVersionDate "2017.03.02"]
[SourceQuality "1"]
[WhiteTeam "Miami Champions"]
[BlackTeam "Montreal ChessBrahs"]
[WhiteTeamCountry "UAE"]
[BlackTeamCountry "CAN"]

1. e4 c5 2. Nf3 e6 3. d4 cxd4 4. Nxd4 a6 5. g3 b6 6. Bg2 Bb7 7. 0-0 Qc7 8. b3 d6 9. Bb2 Nf6 10. Re1 Nbd7 11. c4 Be7 12. Nc3 0-0 13. Qd2 Rfe8 14. Rad1 Bf8 15. h3 Rac8 16. g4 g6 17. Nde2 Qb8 18. Ng3 Ne5 19. f4 Nc6 20. Nd5 exd5 21. exd5 Bg7 22. Rxe8+ Nxe8 23. Bxg7 Kxg7 24. dxc6 Bxc6 25. Qd4+ Kg8 26. Ne4 b5 27. cxb5 axb5 28. f5 Bxe4 29. Bxe4 d5 30. Bxd5 Qg3+ 31. Bg2 Rc2 32. Qe4 Qf2+ 33. Kh1 Nf6 34. Qa8+ Kg7 35. g5 Qxf5 36. gxf6+ Qxf6 37. a4 bxa4 38. bxa4 Ra2 39. Qe4 Qg5 40. Rf1 h5 41. Rxf7+ Kxf7 42. Qc4+ Kf6 43. Qxa2 Qc1+ 44. Kh2 Qf4+ 45. Kg1 Qc1+ 46. Bf1 Kg7 47. Qe2 Kh6 48. Qe4 Qc5+ 49. Kh1 Qf2 50. Bd3 Qg3 51. Qxg6+ Qxg6 52. Bxg6 Kxg6 1-0

[Event "PRO League Atlantic"]
[Site "Chess.com INT"]
[Date "2017.02.01"]
[Round "4"]
[White "Cremisi, Daniel Josef"]
[Black "Oussedik, Elias"]
[Result "1-0"]
[WhiteElo "2148"]
[BlackElo "2155"]
[PlyCount "57"]
[EventDate "2017.01.11"]
[EventType "team-swiss (rapid)"]
[EventRounds "7"]
[EventCountry "USA"]
[SourceTitle "CBM 176 Extra"]
[Source "ChessBase"]
[SourceDate "2017.03.02"]
[SourceVersion "1"]
[SourceVersionDate "2017.03.02"]
[SourceQuality "1"]
[WhiteTeam "Carolina Cobras"]
[BlackTeam "Montreal ChessBrahs"]
[WhiteTeamCountry "USA"]
[BlackTeamCountry "CAN"]

1. d4 e6 2. c4 Nf6 3. Nf3 c5 4. d5 exd5 5. cxd5 d6 6. Nc3 g6 7. e4 a6 8. a4 Bg4 9. h3 Bxf3 10. Qxf3 Bg7 11. Bf4 0-0 12. Bd3 Re8 13. 0-0 Qe7 14. Rfe1 Nbd7 15. Qg3 Ne5 16. Bf1 Nh5 17. Qh2 Nxf4 18. Qxf4 Rac8 19. a5 h5 20. Qd2 g5 21. Be2 g4 22. hxg4 hxg4 23. Qf4 Qh4 24. Nd1 Bh6 25. Qf5 Kg7 26. Ra3 Bd2 27. Bxg4 Nxg4 28. Rh3 Qg5 29. Rh7+ 1-0

[Event "Charlotte Southeastern op 3rd"]
[Site "Charlotte"]
[Date "2016.12.18"]
[Round "4"]
[White "Giannatos, Peter"]
[Black "Oussedik, Elias"]
[Result "1-0"]
[WhiteElo "2235"]
[BlackElo "2162"]
[PlyCount "63"]
[EventDate "2016.12.16"]
[EventType "swiss"]
[EventRounds "5"]
[EventCountry "USA"]
[SourceTitle "CBM 176 Extra"]
[Source "ChessBase"]
[SourceDate "2017.03.02"]
[SourceVersion "1"]
[SourceVersionDate "2017.03.02"]
[SourceQuality "1"]

1. d4 Nf6 2. Bf4 d5 3. e3 c5 4. Nc3 Bf5 5. Nb5 Na6 6. c3 Qb6 7. Nf3 Rc8 8. a4 c4 9. b3 g6 10. bxc4 dxc4 11. Ne5 Be6 12. Be2 Bg7 13. 0-0 Nb8 14. Qb1 0-0 15. Rc1 Nd5 16. Bg3 Bxe5 17. Bxe5 Nc6 18. e4 Nxe5 19. exd5 Bf5 20. a5 Qa6 21. Qb4 Nd3 22. Bxd3 Bxd3 23. Re1 Rfe8 24. d6 exd6 25. Rxe8+ Rxe8 26. Nc7 Qc6 27. Nxe8 Qxe8 28. Qxd6 b5 29. Qe5 Qc8 30. Re1 Qg4 31. Qf6 Be4 32. f3 1-0

[Event "Charlotte Southeastern op 3rd"]
[Site "Charlotte"]
[Date "2016.12.17"]
[Round "3"]
[White "Oussedik, Elias"]
[Black "Wang, Tianqi"]
[Result "1/2-1/2"]
[WhiteElo "2162"]
[BlackElo "2202"]
[PlyCount "151"]
[EventDate "2016.12.16"]
[EventType "swiss"]
[EventRounds "5"]
[EventCountry "USA"]
[SourceTitle "CBM 176 Extra"]
[Source "ChessBase"]
[SourceDate "2017.03.02"]
[SourceVersion "1"]
[SourceVersionDate "2017.03.02"]
[SourceQuality "1"]

1. d4 d5 2. c4 dxc4 3. Nf3 Nf6 4. e3 Bg4 5. Bxc4 e6 6. h3 Bh5 7. Nc3 Nc6 8. Bb5 a6 9. Bxc6+ bxc6 10. g4 Bg6 11. Qa4 Be7 12. Qxc6+ Kf8 13. Ne5 Bd6 14. Nc4 Bb4 15. Bd2 Bxc3 16. Bxc3 Be4 17. Qc5+ Kg8 18. Rg1 h5 19. g5 Nd7 20. Qa5 Rb8 21. Qxa6 Bc2 22. Na5 Rb6 23. Qe2 Bg6 24. h4 Qa8 25. f3 Kh7 26. e4 Rc8 27. b4 c6 28. a4 Qb8 29. Nc4 Rb7 30. a5 Qf4 31. Qf2 Qb8 32. Rc1 Rd8 33. Kf1 Qa8 34. Kg2 Nb8 35. Ne5 Rb5 36. Qe2 Na6 37. Qc4 Rc8 38. Bd2 Qb7 39. Nd3 Qd7 40. Rgd1 f6 41. Nc5 Nxc5 42. dxc5 e5 43. Be1 Qe7 44. gxf6 gxf6 45. Rd6 Bf7 46. Qd3 Rb7 47. Rd1 Be6 48. Rd8 Qg7+ 49. Kh2 Rxd8 50. Qxd8 Qg6 51. Qd2 Rg7 52. Qf2 f5 53. Bc3 fxe4 54. Rg1 Qxg1+ 55. Qxg1 Rxg1 56. Kxg1 exf3 57. a6 Bc8 58. a7 Bb7 59. Bxe5 Kg6 60. Kf2 Kf5 61. Bc3 Ke4 62. Bd2 Ba8 63. Bh6 Bb7 64. Bf8 Ba8 65. Bh6 Bb7 66. Ke1 Kd3 67. Bf4 Ba8 68. Bg3 Bb7 69. Kd1 Ke3 70. Ke1 Kd3 71. Bf2 Ba8 72. Bg3 Bb7 73. Kf2 Ke4 74. Bd6 Ba8 75. Bf8 Bb7 76. Bh6 1/2-1/2

[Event "Laval op"]
[Site "Laval"]
[Date "2016.06.24"]
[Round "3.1"]
[White "Oussedik, Elias"]
[Black "Turcotte, Jonathan"]
[Result "1/2-1/2"]
[WhiteElo "2218"]
[BlackElo "1975"]
[PlyCount "45"]
[EventDate "2016.06.23"]
[EventType "swiss"]
[EventRounds "7"]
[EventCountry "CAN"]
[SourceTitle "EXT 2022"]
[Source "ChessBase"]
[SourceDate "2021.10.06"]
[SourceVersion "1"]
[SourceVersionDate "2021.10.06"]
[SourceQuality "1"]

1. d4 d5 2. c4 c6 3. Nc3 Nf6 4. e3 e6 5. Nf3 Nbd7 6. Qc2 Bd6 7. b3 0-0 8. Bb2 b6 9. Bd3 Bb7 10. 0-0 Rc8 11. Qe2 Re8 12. Rfd1 Qe7 13. Rac1 c5 14. cxd5 exd5 15. Bf5 Rcd8 16. Qc2 g6 17. Bh3 a6 18. Na4 c4 19. Ne5 b5 20. Nxd7 Nxd7 21. Bxd7 Rxd7 22. Nc5 Rc7 23. Qd2 1/2-1/2

[Event "Francophone-ch 3rd"]
[Site "Montreal"]
[Date "2015.07.21"]
[Round "5"]
[White "Studen, Damir"]
[Black "Oussedik, Elias"]
[Result "1/2-1/2"]
[WhiteElo "2259"]
[BlackElo "2109"]
[PlyCount "183"]
[EventDate "2015.07.17"]
[EventType "swiss"]
[EventRounds "9"]
[EventCountry "CAN"]
[SourceTitle "EXT 2016"]
[Source "ChessBase"]
[SourceDate "2015.10.08"]
[SourceVersion "1"]
[SourceVersionDate "2015.10.08"]
[SourceQuality "1"]

1. d4 e6 2. c4 Nf6 3. Nf3 c5 4. e3 cxd4 5. exd4 d5 6. Nc3 Be7 7. cxd5 Nxd5 8. Bb5+ Nc6 9. Ne5 Bd7 10. Nxd7 Qxd7 11. Qa4 Nb6 12. Bxc6 bxc6 13. Qd1 0-0 14. 0-0 Rfd8 15. Be3 Nc4 16. Qe2 Nd6 17. Qc2 Nf5 18. Ne2 Bf6 19. Rfd1 Rac8 20. Rac1 h6 21. Qa4 Qb7 22. Qc2 Rd6 23. Rd2 Rcd8 24. Rcd1 Qa6 25. b3 Qb7 26. Qe4 Qd7 27. g3 Qb7 28. Bf4 Rd5 29. Be3 Qb4 30. Qc2 c5 31. Nf4 R5d7 32. d5 Nd4 33. Bxd4 Bxd4 34. a3 Qxa3 35. dxe6 fxe6 36. Nxe6 Re8 37. Nxd4 cxd4 38. Rxd4 Rxd4 39. Rxd4 Qa1+ 40. Rd1 Qe5 41. Qc4+ Kh8 42. Rd7 a5 43. Rd5 Qe1+ 44. Kg2 Rb8 45. Qd4 Qb4 46. Rd8+ Rxd8 47. Qxd8+ Kh7 48. Qd3+ Kh8 49. Qe3 Qb5 50. f3 a4 51. bxa4 Qxa4 52. g4 Qb5 53. f4 Qd7 54. Kg3 Qc6 55. Qf3 Qb6 56. f5 Qg1+ 57. Kh3 Qd4 58. Kg3 Qg1+ 59. Kh3 Qd4 60. Kg2 Qd2+ 61. Qf2 Qd5+ 62. Kh3 Qe5 63. Qf3 Qd4 64. g5 hxg5 65. Qh5+ Kg8 66. Qxg5 Qd3+ 67. Kh4 Qe4+ 68. Qg4 Qe1+ 69. Qg3 Qe4+ 70. Kg5 Qe7+ 71. Kh5 Qe8+ 72. Kg5 Qe7+ 73. Kf4 Qd6+ 74. Kg4 Qd4+ 75. Kh5 Qe4 76. Kg5 Qe7+ 77. Kg4 Qe2+ 78. Kh4 Qe4+ 79. Qg4 Qe1+ 80. Kh3 Qf1+ 81. Kg3 Qg1+ 82. Kh3 Qf1+ 83. Kh4 Qf2+ 84. Kg5 Qxh2 85. Qc4+ Kh7 86. Qh4+ Qxh4+ 87. Kxh4 Kg8 88. Kh5 Kf7 89. Kg5 Kf8 90. Kg6 Kg8 91. f6 gxf6 92. Kxf6 1/2-1/2

[Event "CAN-ch"]
[Site "Guelph"]
[Date "2015.07.13"]
[Round "6"]
[White "Oussedik, Elias"]
[Black "Panjwani, Raja"]
[Result "1/2-1/2"]
[WhiteElo "2109"]
[BlackElo "2400"]
[PlyCount "99"]
[EventDate "2015.07.10"]
[EventType "swiss"]
[EventRounds "9"]
[EventCountry "CAN"]
[SourceTitle "CBM 167 Extra"]
[Source "ChessBase"]
[SourceDate "2015.09.14"]
[SourceVersion "1"]
[SourceVersionDate "2015.09.14"]
[SourceQuality "1"]

1. Nf3 Nf6 2. c4 e6 3. g3 d5 4. Bg2 Be7 5. 0-0 0-0 6. b3 c5 7. e3 Nc6 8. Bb2 b6 9. Nc3 dxc4 10. bxc4 Bb7 11. Qe2 a6 12. d3 Qc7 13. Ne1 Na5 14. f4 Bxg2 15. Nxg2 Rad8 16. Rad1 Rd7 17. g4 Rfd8 18. g5 Ne8 19. Rf3 Nd6 20. Rh3 g6 21. a4 f5 22. gxf6 Bxf6 23. Nh4 Rf7 24. Nf3 Nc6 25. Ng5 Bxg5 26. fxg5 Rdf8 27. Qg4 Qe7 28. Ne2 Rf5 29. Bf6 Qd7 30. e4 Ne5 31. Qg2 R5xf6 32. gxf6 Rxf6 33. Rf1 Rxf1+ 34. Qxf1 Qxa4 35. Nf4 Qd7 36. Rg3 b5 37. cxb5 axb5 38. Qa1 Ndf7 39. Qa8+ Qd8 40. Qa2 c4 41. dxc4 Ng5 42. cxb5 Qd4+ 43. Kf1 Nef3 44. Qa8+ Kf7 45. Ne2 Qd1+ 46. Kf2 Qe1+ 47. Ke3 Qd2+ 48. Kf2 Qe1+ 49. Ke3 Qd2+ 50. Kf2 1/2-1/2

[Event "Laval op"]
[Site "Laval"]
[Date "2015.06.20"]
[Round "3"]
[White "Oussedik, Elias"]
[Black "Zhu, Hong Rui"]
[Result "1-0"]
[WhiteElo "2109"]
[BlackElo "2224"]
[PlyCount "55"]
[EventDate "2015.06.19"]
[EventType "swiss"]
[EventRounds "5"]
[EventCountry "CAN"]
[SourceTitle "EXT 2019"]
[Source "ChessBase"]
[SourceDate "2018.10.10"]
[SourceVersion "1"]
[SourceVersionDate "2018.10.10"]
[SourceQuality "1"]

1. d4 d5 2. c4 e6 3. e3 c6 4. Nc3 f5 5. Qc2 Bd6 6. Bd3 Nh6 7. Nge2 0-0 8. Bd2 Nd7 9. f3 Kh8 10. 0-0-0 Qf6 11. e4 dxc4 12. Bxc4 e5 13. h4 Nb6 14. Bg5 Qg6 15. Bd3 Be6 16. exf5 Bxf5 17. Ne4 Qe6 18. a3 Nf7 19. Kb1 Nd5 20. Bd2 Nf6 21. Nxd6 Nxd6 22. dxe5 Bxd3 23. Qxd3 Rfe8 24. exf6 Qxe2 25. fxg7+ Kg8 26. Qxd6 Rad8 27. Qb4 c5 28. Qc3 1-0

[Event "Laval op"]
[Site "Laval"]
[Date "2015.06.20"]
[Round "2"]
[White "Therrien, Michael"]
[Black "Oussedik, Elias"]
[Result "1/2-1/2"]
[WhiteElo "1911"]
[BlackElo "2109"]
[PlyCount "58"]
[EventDate "2015.06.19"]
[EventType "swiss"]
[EventRounds "5"]
[EventCountry "CAN"]
[SourceTitle "EXT 2019"]
[Source "ChessBase"]
[SourceDate "2018.10.10"]
[SourceVersion "1"]
[SourceVersionDate "2018.10.10"]
[SourceQuality "1"]

1. Nf3 Nf6 2. g3 b6 3. Bg2 Bb7 4. 0-0 c5 5. c4 d6 6. d4 cxd4 7. Nxd4 Bxg2 8. Kxg2 Qc7 9. Qa4+ Nbd7 10. Nc3 e6 11. Qc6 Qxc6+ 12. Nxc6 a6 13. b4 Ne5 14. Nxe5 dxe5 15. b5 Bb4 16. Bb2 0-0 17. a3 Be7 18. Rfd1 axb5 19. Nxb5 Rfc8 20. Rac1 Rc5 21. Bc3 Rxc4 22. Bxe5 Rc5 23. Rxc5 Bxc5 24. Bd6 Rd8 25. Rc1 Ne4 26. Bxc5 Nxc5 27. Rc4 e5 28. Nc3 h6 29. Na4 Nxa4 1/2-1/2

[Event "Laval op"]
[Site "Laval"]
[Date "2015.06.19"]
[Round "1"]
[White "Oussedik, Elias"]
[Black "Morin, Louis"]
[Result "1-0"]
[WhiteElo "2109"]
[BlackElo "1977"]
[PlyCount "105"]
[EventDate "2015.06.19"]
[EventType "swiss"]
[EventRounds "5"]
[EventCountry "CAN"]
[SourceTitle "EXT 2019"]
[Source "ChessBase"]
[SourceDate "2018.10.10"]
[SourceVersion "1"]
[SourceVersionDate "2018.10.10"]
[SourceQuality "1"]

1. d4 d5 2. c4 e6 3. e3 Nf6 4. Nf3 Be7 5. b3 0-0 6. Bb2 a6 7. Bd3 Nbd7 8. 0-0 c5 9. Nc3 cxd4 10. exd4 dxc4 11. bxc4 b6 12. Re1 Bb7 13. Qe2 Re8 14. Rad1 Qc7 15. h3 Bd6 16. Ne5 Rad8 17. f4 Nf8 18. Nb1 N6d7 19. Qh5 Nf6 20. Qe2 N6d7 21. g3 Nxe5 22. fxe5 Be7 23. Kh2 f6 24. Nd2 fxe5 25. dxe5 Bc5 26. Ne4 Bb4 27. Rf1 Bxe4 28. Qxe4 Ng6 29. h4 Rf8 30. h5 Rxf1 31. Rxf1 Nf8 32. Rf3 Rd7 33. Bc1 Rf7 34. Bf4 Qb7 35. Qe2 Bc5 36. Be4 Qc7 37. Rd3 Rd7 38. Qd2 Rxd3 39. Qxd3 Qe7 40. Kg2 Qc7 41. Kh3 Be7 42. c5 b5 43. c6 g5 44. hxg6 hxg6 45. Qd4 Bd8 46. Kg2 g5 47. Be3 Kg7 48. Qd6 g4 49. Bh6+ Kxh6 50. Qxf8+ Qg7 51. Qxd8 Qxe5 52. Qf8+ Kg5 53. Qf4+ 1-0

[Event "Canadian op U2400"]
[Site "Montreal"]
[Date "2014.07.24"]
[Round "7"]
[White "Tonakanian, Stephan"]
[Black "Oussedik, Elias"]
[Result "1-0"]
[WhiteElo "1922"]
[BlackElo "2100"]
[PlyCount "79"]
[EventDate "2014.07.19"]
[EventType "swiss"]
[EventRounds "9"]
[EventCountry "CAN"]
[SourceTitle "EXT 2022"]
[Source "ChessBase"]
[SourceDate "2021.10.06"]
[SourceVersion "1"]
[SourceVersionDate "2021.10.06"]
[SourceQuality "1"]

1. d4 e6 2. Nf3 Nf6 3. g3 c5 4. e3 b6 5. Bg2 Bb7 6. 0-0 d6 7. c4 Qc7 8. b3 Be7 9. Nc3 a6 10. Bb2 0-0 11. d5 exd5 12. cxd5 b5 13. Nh4 g6 14. e4 Nbd7 15. f4 Rab8 16. Qd2 Rfe8 17. Rae1 b4 18. Nd1 c4 19. Bd4 Bf8 20. bxc4 Qxc4 21. Nf2 Bg7 22. Qb2 Nh5 23. Bxg7 Nxg7 24. Rc1 Qb5 25. Ng4 a5 26. Nh6+ Kf8 27. f5 g5 28. Ng6+ hxg6 29. fxg6 Ne5 30. Nxf7 Kg8 31. Qd2 Nxg6 32. Qxg5 Ne5 33. Nh6+ Kh7 34. Nf5 Qd7 35. Qh4+ Kg8 36. Nh6+ Kh7 37. Nf7+ Nh5 38. Qxh5+ Kg7 39. Qh6+ Kg8 40. Qh8# 1-0

[Event "Canadian op U2400"]
[Site "Montreal"]
[Date "2014.07.22"]
[Round "5"]
[White "Holliman, Robert"]
[Black "Oussedik, Elias"]
[Result "0-1"]
[WhiteElo "1976"]
[BlackElo "2100"]
[PlyCount "70"]
[EventDate "2014.07.19"]
[EventType "swiss"]
[EventRounds "9"]
[EventCountry "CAN"]
[SourceTitle "EXT 2022"]
[Source "ChessBase"]
[SourceDate "2021.10.06"]
[SourceVersion "1"]
[SourceVersionDate "2021.10.06"]
[SourceQuality "1"]

1. c4 c5 2. Nc3 b6 3. e4 Bb7 4. Nf3 d6 5. d4 cxd4 6. Nxd4 Nf6 7. Bd3 e6 8. 0-0 Be7 9. b3 0-0 10. Bb2 a6 11. Qe2 Qc7 12. Rad1 Nbd7 13. Bb1 Rfe8 14. Rfe1 g6 15. Qe3 Bf8 16. Qg3 Rac8 17. h3 Qb8 18. Qe3 Ba8 19. Nce2 d5 20. exd5 exd5 21. Qg5 Bg7 22. cxd5 Nxd5 23. Qd2 Ne5 24. Be4 Rcd8 25. Qc1 Ng4 26. Ng3 Bh6 27. Qb1 Ngf6 28. Bf3 b5 29. a3 Bg7 30. Rc1 a5 31. Rxe8+ Rxe8 32. Nc6 Qb6 33. Bd4 Qa6 34. Ne5 Nd7 35. Re1 Bxe5 0-1

[Event "Canadian op U2400"]
[Site "Montreal"]
[Date "2014.07.20"]
[Round "3"]
[White "MacKinnon, Keith"]
[Black "Oussedik, Elias"]
[Result "1/2-1/2"]
[WhiteElo "2165"]
[BlackElo "2100"]
[PlyCount "27"]
[EventDate "2014.07.19"]
[EventType "swiss"]
[EventRounds "9"]
[EventCountry "CAN"]
[SourceTitle "EXT 2022"]
[Source "ChessBase"]
[SourceDate "2021.10.06"]
[SourceVersion "1"]
[SourceVersionDate "2021.10.06"]
[SourceQuality "1"]

1. e4 e6 2. d4 d5 3. Nd2 Nf6 4. e5 Nfd7 5. c3 c5 6. Bd3 Nc6 7. Ngf3 g6 8. 0-0 Bg7 9. Re1 0-0 10. a3 Qb6 11. Qa4 cxd4 12. cxd4 f6 13. exf6 Nxf6 14. Nb3 1/2-1/2